| 000 | 00975nam a22003017a 4500 | ||
|---|---|---|---|
| 999 |
_c200451859 _d70071 |
||
| 001 | 200451859 | ||
| 003 | TR-AnTOB | ||
| 005 | 20230208140634.0 | ||
| 007 | ta | ||
| 008 | 230208s2021 tu a|||j |||| 00| j tur d | ||
| 020 | _a9789752209817 | ||
| 040 |
_aTR-AnTOB _beng _erda _cTR-AnTOB |
||
| 041 | 0 | _atur | |
| 092 |
_a120 _bMIAb 2021 |
||
| 100 | 1 |
_aMiandji, Anooshirvan M. _eauthor _d1971- _q(Anooshirvan Mohammadzadeh), _9125582 |
|
| 245 | 1 | 0 |
_aBen yanılabilirim / _cAnooshirvan Miandji ; Resimleyen: Efecan Sezer. |
| 250 | _a1. baskı | ||
| 264 | 1 |
_aAnkara : _bBilgi Yayınevi, _c2021. |
|
| 300 |
_a32 pages : _billustrations ; _c24 cm. |
||
| 336 |
_atext _btxt _2rdacontent |
||
| 337 |
_aunmediated _bn _2rdamedia |
||
| 338 |
_avolume _bnc _2rdacarrier |
||
| 653 |
_aÇocuk edebiyatı _aÇocuk hikayeleri _aÇocuklar için felsefe _aSorgulamak |
||
| 700 | 1 |
_aSezer, Efecan _eillustrator _9140586 |
|
| 942 |
_2ddc _cBK |
||